MARC details
| 000 -CABECERA |
| campo de control de longitud fija |
01284nam a2200253 a 4500 |
| 001 - NÚMERO DE CONTROL |
| campo de control |
000048378 |
| 003 - IDENTIFICADOR DEL NÚMERO DE CONTROL |
| campo de control |
DO-SdBNP |
| 005 - FECHA Y HORA DE LA ÚLTIMA TRANSACCIÓN |
| campo de control |
20220706111401.0 |
| 007 - CAMPO FIJO DE DESCRIPCIÓN FÍSICA--INFORMACIÓN GENERAL |
| campo de control de longitud fija |
ta |
| 008 - DATOS DE LONGITUD FIJA--INFORMACIÓN GENERAL |
| campo de control de longitud fija |
190218s2016 dr ac 000 m spa d |
| 020 ## - NÚMERO INTERNACIONAL ESTÁNDAR DEL LIBRO |
| Número Internacional Estándar del Libro |
9789945588965 |
| 040 ## - FUENTE DE LA CATALOGACIÓN |
| Centro catalogador/agencia de origen |
DO-SdBNP |
| Lengua de catalogación |
spa |
| Centro/agencia transcriptor |
BNPHU |
| 082 #4 - NÚMERO DE LA CLASIFICACIÓN DECIMAL DEWEY |
| Número de documento/Ítem |
R621c |
| Número de edición |
22 |
| 100 1# - ENTRADA PRINCIPAL--NOMBRE DE PERSONA |
| Nombre de persona |
Rivera, Claudio, |
| Fechas asociadas al nombre |
1968- |
| 9 (RLIN) |
75792 |
| 245 10 - MENCIÓN DE TÍTULO |
| Título |
Caminando sobre el agua : |
| Resto del título |
25 años de un espacio guloya / |
| Mención de responsabilidad, etc. |
Claudio Rivera. |
| 246 10 - FORMA VARIANTE DE TÍTULO |
| Título propio/Titulo breve |
Caminando sobre el agua : |
| Resto del título |
veinticinco años de un espacio guloya |
| 260 ## - PUBLICACIÓN, DISTRIBUCIÓN, ETC. |
| Lugar de publicación, distribución, etc. |
Santo Domingo : |
| Nombre del editor, distribuidor, etc. |
Ediciones Ferilibro, |
| Fecha de publicación, distribución, etc. |
2016. |
| 300 ## - DESCRIPCIÓN FÍSICA |
| Extensión |
324 p. : |
| Otras características físicas |
il. ; |
| Dimensiones |
22 cm. |
| 500 ## - NOTA GENERAL |
| Nota general |
"Obra seleccionada dentro de la convocatoria abierta para publicaciones con motivo de la XII Feria Regional del Libro Hato Mayor 2016, República Dominicana." |
| 500 ## - NOTA GENERAL |
| Nota general |
Incluye datos biográficos del autor en la solapa de la cubierta |
| 505 0# - NOTA DE CONTENIDO CON FORMATO |
| Nota de contenido con formato |
Para presentar ciertas memorias sensibles de un guloya pensante / |
| Mención de responsabilidad |
Vivian Martínez Tabares -- |
| Título |
Reflexiones sobre las estéticas teatrales en la República Dominicana -- |
| -- |
Antropología teatral, Brecht y las tradiciones -- |
| -- |
Reflexiones sobre las estéticas teatrales en el Guloya -- |
| -- |
Propuestas y reflexiones sobre pedagogía teatral --. |
| 590 ## - NOTA LOCAL (RLIN) |
| Nota local |
Inventariado, 2019/LP |
| 942 ## - ELEMENTOS DE PUNTO DE ACCESO ADICIONAL (KOHA) |
| Fuente del sistema de clasificación o colocación |
Dewey Decimal Classification |
| Tipo de ítem Koha |
Libro |